| 000 | 00710nam a2200229 a 4500 | ||
|---|---|---|---|
| 999 |
_c12653 _d12653 |
||
| 001 | 12653 | ||
| 003 | BD-JhCC | ||
| 005 | 20221027112851.0 | ||
| 008 | 221027s2022 bg |||| |||| 000 0 eng d | ||
| 020 | _a9789849600947 | ||
| 035 | _a(BD-JhCC)12653 | ||
| 040 |
_aBD-JhCC _dBD-JhCC |
||
| 041 | _aBangla | ||
| 082 |
_a920 _bHAD 2022 |
||
| 100 | _aহাদী, সৈয়দ আব্দুল | ||
| 245 |
_aজীবনের গান / _cসৈয়দ আব্দুল হাদী |
||
| 260 |
_aঢাকা : _bপ্রথমা প্রকাশ, _c২০২২ |
||
| 300 |
_a১৯৮ পৃ. : _c২২ সেমি. |
||
| 600 | _aHadi, Syed Abdul | ||
| 650 | _aBiography | ||
| 942 |
_2ddc _cBK |
||